000 00352nam a22001337a 4500
003 SGT
020 _a8176210382
082 _a080
_bA98C
100 _aचोपड़ा, कृष्ण
245 _aआपका जीवन आपको हाथों में
260 _bफुल सर्कल
_c1998
300 _a306
942 _2ddc
_cBK
999 _c31548
_d31548